| 000 | 00523cam a22002174a 4500 | ||
|---|---|---|---|
| 005 | 20250605164345.0 | ||
| 008 | 250528s ||||||||||||||||||||||||d | ||
| 035 | _a23820 | ||
| 020 | _a9781589318807 | ||
| 040 |
_aGR-AtMCL _bgre _dGR-AtMCL _eAACR2 |
||
| 245 | 1 | _aCognitive therapy | |
| 250 | _a1 | ||
| 260 |
_bRouledge, _c2006 |
||
| 300 | _a267 | ||
| 520 | _a100 key points and techniques | ||
| 700 | 1 |
_aDryden Windy _948 |
|
| 700 | 1 |
_aNeenan Michael _98734 |
|
| 942 | _cBK | ||
| 999 |
_c8749 _d8749 |
||